| 000 | 00558nam a2200205Ia 4500 | ||
|---|---|---|---|
| 008 | 220216s9999 xx 000 0 und d | ||
| 100 | _aPoompradub S | ||
| 245 | 0 | _aSynthesis of silica in natural rubber solution via sol-gel reaction | |
| 260 |
_bKautschuk Gummi Kunststoffe _c2008 |
||
| 300 | _a152-155 | ||
| 650 | _aInsitu silica | ||
| 650 | _aNatural rubber | ||
| 650 | _aReinforcement | ||
| 650 | _aSol-gel reaction | ||
| 700 | _aBoosalee T | ||
| 700 | _aChaichua B | ||
| 700 | _aKanchanaamporn C | ||
| 700 | _aPrasassarakich P | ||
| 942 | _cJS | ||
| 999 |
_c70157 _d70157 |
||